Projektování a realizace skladů s regálovými zakladači : celostátní seminář 24.-26.9.1990

Uložené v:
Podrobná bibliografia
Médium: Kniha
Jazyk:Czech
Vydané: Pardubice : Dům techniky ČSVTS, 1990
Vydanie:1. vyd.
ISBN: 8002005392 (brož.)
Fyzický popis: 183 s.
Tagy: Pridať tag
Žiadne tagy, Buďte prvý kto otaguje tento záznam!

MARC

LEADER 00000nam a2200000 a 4500
001 000193046
005 20060604152458.0
008 060420s1990 xr e czeo
020 |a 8002005392 (brož.) 
041 0 |a cze 
044 |a xr  |c CZ 
245 0 0 |a Projektování a realizace skladů s regálovými zakladači :  |b celostátní seminář 24.-26.9.1990 
250 |a 1. vyd. 
260 |a Pardubice :  |b Dům techniky ČSVTS,  |c 1990 
300 |a 183 s. 
910 |a svkkk 
919 |a 80-02-00539-2 
998 |a BK 
090 |g SCKHL  |k Sklad Pribinova 2. posch.  |a II.338969  |j 821816  |i 2720205583  |s Absenčne